header

Clement of Alexandria (Record no. 127198)

MARC details
000 -LEADER
fixed length control field 01382nam a2200337 a 4500
082 04 - DEWEY DECIMAL CLASSIFICATION NUMBER
Classification number 230/13092
100 1# - MAIN ENTRY--AUTHOR NAME
Personal name Ashwin-Siejkowski, Piotr,
245 10 - TITLE STATEMENT
Title Clement of Alexandria
260 ## - PUBLICATION, DISTRIBUTION, ETC. (IMPRINT)
Place of publication London ;
-- New York :
Name of publisher T & T Clark,
Year of publication 2008.
300 ## - PHYSICAL DESCRIPTION
Number of Pages xi, 258 p.
490 1# - SERIES STATEMENT
Series statement T & T Clark theology
650 #0 - SUBJECT ADDED ENTRY--TOPICAL TERM
Topical Term Perfection
856 40 - ELECTRONIC LOCATION AND ACCESS
Uniform Resource Identifier http://site.ebrary.com/lib/rucke/Doc?id=10490008

No items available.

© 2026 Rongo University
Contact us: librarian | system librarian | Rongo university